Online and CD-ROM Databases in School Libraries Readings

Salvato in:
Dettagli Bibliografici
Natura: Libro
Lingua:inglese
Pubblicazione: Englewood Libraries Unlitimed 1989
Serie:Database Searching Series No. 2
Soggetti:
Tags: Aggiungi Tag
Nessun Tag, puoi essere il primo ad aggiungerne!!

MARC

LEADER 00000nam a2200000 4500
001 c012854
005 20260305092748.2
041 0 |a eng 
044 |a US 
245 1 0 |a Online and CD-ROM Databases in School Libraries  |b Readings  |c Edit. Ann Lathrop 
264 1 |a Englewood  |b Libraries Unlitimed  |c 1989 
300 |a 375 s. 
490 1 |a Database Searching Series  |v No. 2 
830 0 |a Database Searching Series  |v No. 2 
610 2 0 |a systémy databázové 
610 2 0 |a systémy počítačové telekomunikačné 
610 2 0 |a manažment strategický 
610 2 0 |a knižnice 
610 2 0 |a báza dát 
610 2 0 |a rešerše